| 000 | nam a22 7a 4500 | ||
|---|---|---|---|
| 999 |
_c329309 _d329309 |
||
| 003 | Nust | ||
| 005 | 20170503102444.0 | ||
| 008 | 170503b xxu||||| |||| 00| 0 eng d | ||
| 020 | _a9789380156088 | ||
| 040 | _cdlc | ||
| 082 | _a549.125 VER | ||
| 100 | _4Verma, Pramod K | ||
| 245 | _aOptical Mineralogy | ||
| 260 |
_aIndia : _bAne Books, _c2010 |
||
| 300 |
_axiv, 367p. : _c27 cm |
||
| 942 |
_2ddc _cBK |
||